Zdaňovanie príjmov členov pozemkových spoločenstiev

Zákon č. 181/1995 Z.z. o pozemkových spoločenstvách vniesol čiastočný poriadok do problémov právnych a daňových a do vzťahov, ktoré vznikli navracaním pôdy a lesov pôvodným vlastníkom, indviduálnym vlastníkom a skupinovým vlastníkom. Príspevok sa len tou časťou, ktorá má význam z hľadiska zdaňovania...

Full description

Saved in:
Bibliographic Details
Main Author: Kolembus, Anton
Format: Book Chapter
Language:Slovak
Subjects:
Tags: Add Tag
No Tags, Be the first to tag this record!

MARC

LEADER 00000naa a2200000 4500
001 r042000
005 20230919092429.0
041 0 |a slo 
044 |a SK 
245 1 0 |a Zdaňovanie príjmov členov pozemkových spoločenstiev  |c Anton Kolembus 
520 |a Zákon č. 181/1995 Z.z. o pozemkových spoločenstvách vniesol čiastočný poriadok do problémov právnych a daňových a do vzťahov, ktoré vznikli navracaním pôdy a lesov pôvodným vlastníkom, indviduálnym vlastníkom a skupinovým vlastníkom. Príspevok sa len tou časťou, ktorá má význam z hľadiska zdaňovania príjmov jeho členov. Praktické príklady. 
610 2 0 |a vlastníctvo pozemkové 
610 2 0 |a lesy 
610 2 0 |a pôda 
610 2 0 |a pozemky 
610 2 0 |a príjmy 
610 2 0 |a zdaňovanie 
100 1 |a Kolembus, Anton